000 00770nam a2200253Ia 4500
003 OSt
005 20220928131216.0
006 a|||||r|||| 00| 0
007 ta
008 220927b |||||||| |||| 00| 0 eng d
020 _c160
024 _a116796
037 _b177, 19/09/2012, Eastern Book Linkers
_cTextual
040 _aSDCL
_cSDCL
_beng
041 _2eng
_aeng
082 _az2, P9
100 _aUpadhyaya Vachaspati
_9405349
245 0 _aStructure of indian mind
_b Padmabhushana Dr.Vidya Niwas Mishra.
260 _aNew Delhi
_bSLBSRS Vidyapeetha
_c2009
300 _axxiv,327p
_ccm.
650 _aSanskrit
_9391587
942 _hz2, P9
_cTEXL
_2CC
999 _c789944
_d789944